Statistics for Scarlet and Violet TCG Base Set - Card List

Click here to take the quiz!

General Stats

  • This quiz has been taken 5 times
  • The average score is 136 of 198

Answer Stats

Set No.Card TypeAnswerHint/TypeGen.% Correct
109/198FightingAnnihilapeFighting/Ghost9
100%
023/198GrassArbolivaGrass/Normal9
100%
041/198FireArmarougeFire/Psychic9
100%
088/198PsychicBanette exGhost (ex)3
100%
046/198WaterBuizelWater4
100%
027/198 | 028/198GrassCapsakidGrass9
100%
039/198 | 040/198FireCharcadetFire9
100%
037/198FireCrocalorFire9
100%
022/198GrassDollivGrass/Normal9
100%
047/198WaterFloatzelWater4
100%
014/198GrassFloragatoGrass9
100%
036/198FireFuecocoFire9
100%
086/198PsychicGardevoir exPsychic/Fairy (ex)3
100%
034/198FireHoundoomDark/Fire2
100%
033/198FireHoundourDark/Fire2
100%
085/198PsychicKirliaPsychic/Fairy3
100%
063/198LightningMagnemiteElectric/Steel1
100%
064/198LightningMagnetonElectric/Steel1
100%
065/198LightningMagnezone exElectric/Steel (ex)4
100%
107/198FightingMankeyFighting1
100%
015/198GrassMeowscaradaGrass/Dark9
100%
080/198LightningMiraidonElectric/Dragon9
100%
081/198LightningMiraidon exElectric/Dragon (ex)9
100%
108/198FightingPrimeapeFighting1
100%
054/198WaterQuaquavalWater/Fighting9
100%
052/198WaterQuaxlyWater9
100%
053/198WaterQuaxwellWater9
100%
084/198PsychicRaltsPsychic/Fairy3
100%
029/198GrassScovillainGrass/Fire9
100%
087/198PsychicShuppetGhost3
100%
038/198FireSkeledirgeFire/Ghost9
100%
020/198 | 021/198GrassSmolivGrass/Normal9
100%
019/198GrassSpidops exBug (ex)9
100%
013/198GrassSprigatitoGrass9
100%
016/198 | 017/198 |
018/198
GrassTarountulaBug9
100%
048/198WaterAlomomolaWater5
75%
032/198FireArcanine exFire (ex)1
75%
004/198GrassBreloomGrass/Fighting3
75%
051/198WaterBruxishWater/Psychic7
75%
005/198GrassCacneaGrass3
75%
006/198GrassCacturneGrass/Dark3
75%
060/198WaterCetitanIce9
75%
058/198 | 059/198WaterCetoddleIce9
75%
049/198WaterClauncherWater6
75%
050/198WaterClawitzer
Water
6
75%
130/198DarknessCroagunkPoison/Fighting4
75%
099/198PsychicDachsbunFairy9
75%
094/198 | 095/198PsychicDedenneElectric/Fairy6
75%
061/198WaterDondozoWater9
75%
090/198PsychicDrifblimGhost/Flying4
75%
089/198PsychicDrifloonGhost/Flying4
75%
082/198PsychicDrowzeePsychic1
75%
103/198PsychicEspathraPsychic9
75%
097/198 | 098/198PsychicFidoughFairy9
75%
067/198LightningFlaaffyElectric2
75%
091/198PsychicFlabébéFairy6
75%
100/198 | 101/198 | 102/198PsychicFlittlePsychic9
75%
092/198PsychicFloetteFairy6
75%
093/198PsychicFlorgesFairy6
75%
139/198MetalForretressBug/Steel2
75%
012/198GrassGogoatGrass6
75%
123/198FightingGreat Tusk exGround/Fighting (ex)9
75%
104/198 | 105/198PsychicGreavardGhost9
75%
030/198 | 031/198FireGrowlitheFire1
75%
045/198WaterGyarados exWater/Flying (ex)1
75%
118/198FightingHawluchaFighting/Flying6
75%
002/198GrassHeracrossBug/Fighting2
75%
106/198PsychicHoundstoneGhost9
75%
083/198PsychicHypnoPsychic1
75%
143/198MetalIron Treads exGround/Steel (ex)9
75%
079/198LightningKilowattrelElectric/Flying9
75%
096/198PsychicKlefkiSteel/Fairy6
75%
124/198
FightingKoraidonFighting/Dragon9
75%
125/198
FightingKoraidon exFighting/Dragon (ex)9
75%
116/198FightingKrokorokGround/Dark5
75%
117/198FightingKrookodileGround/Dark5
75%
154/198 | 155/198 | 156/198ColorlessLechonkNormal9
75%
114/198FightingLucarioFighting/Steel4
75%
044/198WaterMagikarpWater1
75%
066/198LightningMareepElectric2
75%
111/198FightingMedichamFighting/Psychic3
75%
110/198FightingMedititeFighting/Psychic3
75%
157/198ColorlessOinkologneNormal9
75%
158/198ColorlessOinkologne exNormal (ex)9
75%
068/198LightningPachirisuElectric4
75%
073/198 | 074/198LightningPawmiElectric9
75%
075/198LightningPawmoElectric9
75%
076/198LightningPawmotElectric/Fighting9
75%
001/198GrassPinecoBug2
75%
185/198Trainer (Item)Poké BallObject on the back of the cards
75%
112/198 | 113/198FightingRioluFighting4
75%
069/198 | 070/198LightningRotomElectric/Ghost4
75%
115/198FightingSandileGround/Dark5
75%
008/198GrassScatterbugBug6
75%
003/198GrassShroomishGrass3
75%
011/198GrassSkiddoGrass6
75%
043/198
WaterSlowbroWater/Psychic1
75%
042/198WaterSlowpokeWater/Psychic1
75%
009/198GrassSpewpaBug6
75%
129/198DarknessSpiritombGhost/Dark4
75%
062/198WaterTatsugiriDragon/Water9
75%
024/198 | 025/198GrassToedscoolGround/Grass9
75%
026/198GrassToedscruelGround/Grass9
75%
035/198FireTorkoalFire3
75%
071/198LightningToxelElectric/Poison8
75%
131/198DarknessToxicroak exPoison/Fighting (ex)4
75%
072/198LightningToxtricityElectric/Poison8
75%
007/198GrassTropiusGrass/Flying3
75%
010/198GrassVivillonBug/Flying6
75%
077/198 | 078/198LightningWattrelElectric/Flying9
75%
055/198 | 056/198WaterWiglettWater9
75%
057/198WaterWugtrioWater9
75%
166/198Trainer (Supporter)ArvenMommy/Daddy issues
50%
133/198DarknessBisharpDark/Steel5
50%
145/198ColorlessBlisseyNormal2
50%
138/198DarknessBombirdierFlying/Dark9
50%
144/198ColorlessChanseyNormal1
50%
163/198 | 164/198ColorlessCyclizarDragon/Normal9
50%
165/198ColorlessFlamigoFlying/Fighting9
50%
152/198ColorlessGreedentNormal8
50%
126/198DarknessGrimerPoison1
50%
153/198ColorlessIndeedeePsychic/Normal8
50%
134/198DarknessKingambitDark/Steel9
50%
122/198FightingKlawfRock9
50%
137/198DarknessMabosstiffDark9
50%
135/198 | 136/198DarknessMaschiffDark9
50%
161/198ColorlessMausholdNormal9
50%
127/198DarknessMukPoison1
50%
180/198Trainer (Supporter)NemonaRival
50%
181/198Trainer (Item)Nest BallUsed to catch weaker Pokémon
50%
182/198Trainer (Item)Pal PadGet supporters back
50%
132/198DarknessPawniardDark/Steel5
50%
183/198Trainer (Supporter)PennyMotif based on one specific evolution family
50%
184/198Trainer (Item)Picnic BasketItem used for eating lunch in a park
50%
188/198Trainer (Item)PotionHealing item
50%
189/198Trainer (Supporter)Professor's Research - SadaCause of mommy issues
50%
190/198Trainer (Supporter)Professor's Research - TuroCause of daddy issues
50%
191/198Trainer (Item)Rare CandyLevels you up
50%
142/198MetalRevavroomSteel/Poison9
50%
193/198Trainer (Tool)Rocky HelmetDeals damage when hit
50%
120/198FightingSandacondaGround8
50%
128/198DarknessSeviperPoison3
50%
119/198FightingSilicobraGround8
50%
151/198ColorlessSkwovetNormal8
50%
162/198ColorlessSquawkabillyNormal/Flying9
50%
150/198ColorlessStaraptorNormal/Flying4
50%
149/198ColorlessStaraviaNormal/Flying4
50%
148/198ColorlessStarlyNormal/Flying4
50%
121/198FightingStonjournerRock8
50%
194/198Trainer (Item)SwitchSwap out own active
50%
159/198 | 160/198ColorlessTandemausNormal9
50%
140/198 | 141/198MetalVaroomSteel/Poison9
50%
146/198 | 147/198ColorlessZangooseNormal3
50%
167/198Trainer (Stadium)Beach CourtLocation of first battle in SV
25%
168/198Trainer (Item)Crushing HammerEnergy Denial
25%
169/198Trainer (Tool)Defiance BandExtra Damage if Behind
25%
170/198Trainer (Item)Electric GeneratorMore Lightning Energy
25%
171/198Trainer (Item)Energy RetrievalGet Energy Back
25%
172/198Trainer (Item)Energy SearchGet Energy
25%
173/198Trainer (Item)Energy SwitchMove Energy
25%
174/198Trainer (Tool)Exp. ShareGain more experience when held
25%
175/198Trainer (Supporter)JacqTeacher of Biology at school
25%
176/198Trainer (Supporter)JudgeHand disruption
25%
177/198Trainer (Supporter)KatyGym Leader
25%
178/198Trainer (Stadium)MesagozaCity in Paldea
25%
179/198Trainer (Supporter)MiriamSchool Nurse
25%
192/198Trainer (Tool)Rock ChestplateTake less damage
25%
195/198Trainer (Supporter)Team Star Grunt
Hasta la vi-star!
25%
198/198Trainer (Supporter)YoungsterTrainer class of Joey with his Rattata
25%
186/198Trainer (Item)Pokégear 3.0Search supporters from deck
0%
187/198Trainer (Item)Pokemon CatcherSwap out opponent's active
0%
196/198Trainer (Item)Ultra BallPokemon search staple
0%
197/198Trainer (Tool)Vitality BandSlight damage buff
0%

Score Distribution

Percentile by Number Answered

Percent of People with Each Score

Your Score History

You have not taken this quiz